|
|
|
|
| LEADER |
01704Cam#a2200409#a#4500 |
| 001 |
013999 |
| 003 |
AR-BeUNQ |
| 005 |
20260305165423.0 |
| 008 |
000106s1997 sp ad f## #001#0#spa#d |
| 999 |
|
|
|c 16371
|d 91758
|
| 020 |
|
|
|a 8429170650 (obra completa)
|
| 020 |
|
|
|a 8429170634 (t. 1)
|
| 040 |
|
|
|a AR-beUNQ
|e aacr
|b spa
|
| 082 |
0 |
4 |
|a 547
|2 21
|
| 099 |
|
|
|a 22-E2
|
| 100 |
1 |
|
|a Ege, Seyhan
|
| 245 |
0 |
2 |
|a Química orgánica :
|b estructura y reactividad.
|c Seyhan Ege.
|n Tomo 1 /
|
| 260 |
|
|
|a Barcelona :
|b Reverté,
|c 1997
|
| 300 |
|
|
|a xxv, 683 p. :
|b il., gráficos ;
|c 27 cm.
|
| 500 |
|
|
|a Traducción de: Organic Chemistry, Structure and Reactivity. 3rd ed.
|
| 500 |
|
|
|a Incluye índice.
|
| 594 |
|
|
|a DIPLOMATURA EN CIENCIA Y TECNOLOGÍA
|a TECNICATURA UNIVERSITARIA EN TECNOLOGÍA AMBIENTAL Y PETROQUÍMICA
|a INGENIERÍA EN ALIMENTOS
|a TECNICATURA UNIVERSITARIA EN BIOTECNOLOGÍA
|a LICENCIATURA EN BIOTECNOLOGÍA
|
| 595 |
|
|
|a QUÍMICA ORGÁNICA I
|d 2011
|d 2021
|
| 595 |
|
|
|a QUÍMICA ORGÁNICA ECOCOMPATIBLE
|d 2017
|
| 595 |
|
|
|a QUÍMICA ORGÁNICA
|
| 650 |
|
7 |
|a Química orgánica
|2 spines
|
| 650 |
|
7 |
|a Productos químicos orgánicos
|2 spines
|
| 650 |
|
7 |
|a Acidos carboxílicos
|2 spines
|
| 650 |
|
7 |
|a Hidrocarburos alifáticos
|2 spines
|
| 650 |
|
7 |
|a Estereoquímica
|2 spines
|
| 653 |
|
|
|a Enlaces químicos
|
| 929 |
|
|
|a COMPRA
|b Alfagrama
|c Exp. 827-0360/99
|d 65,40
|e 19991013
|j 27466
|
| 929 |
|
|
|a COMPRA
|b Prometeo
|c Exp. 827-0504/99
|d 32,80
|e 20000318
|j 27894
|
| 929 |
|
|
|a COMPRA
|b Prometeo
|c Exp. 827-0504/99
|d 32,80
|e 20000318
|j 27895
|
| 929 |
|
|
|a COMPRA
|b Prometeo
|c Exp. 827-0504/99
|d 32,80
|e 20000318
|j 27896
|
| 929 |
|
|
|a COMPRA
|b Prometeo
|c Exp. 827-0504/99
|d 32,80
|e 20000318
|j 27897
|
| 942 |
|
|
|c LIB
|n 0
|